Grand Prix si z festivalu odniesli Česi

Bibliographic Details
Format: Article
Language:Slovak
PhysicalDescription:Fotogr.
ISSN:1210-2423
Subjects:

MARC

LEADER 00000nab a2200000 ar4500
001 vtls010321304
003 SK-MaSNL
005 20260303094040.0
008 111027c2011 xo wr|p|||||||000 b|slo
038 |a PPPK 
040 |a PPPKCL  |b slo  |c PPPKCL  |e AACR2 
041 0 |a slo 
044 |a xo  |c SK 
080 |a 791.43.079  |2 2001 
080 |a 796.524:791.079  |x (437.6)  |2 2001 
080 |a 791.229.2:796.524  |2 2001 
245 0 0 |a Grand Prix si z festivalu odniesli Česi  |c [text] (red) ; [foto] mfhf 
300 |b Fotogr. 
611 2 7 |a Medzinárodný festival horských filmov  |n (19. :  |d 2011 :  |c Poprad, Slovensko)  |2 pppkcl  |9 1099521 
650 0 7 |a horské filmy  |2 pppkcl  |9 74357 
650 0 7 |a dokumentárne filmy  |2 pppkcl  |9 3400 
650 0 7 |a horolezectvo  |2 pppkcl  |9 1050 
650 0 7 |a filmové festivaly a prehliadky  |2 pppkcl  |9 3405 
651 7 |a Poprad (Slovensko)  |2 pppkcl  |9 20155 
773 0 |t Podtatranské noviny  |g Roč. LII, č. 42 (2011), s. 3  |x 1210-2423 
852 |a PPPK  |b KIS3GCP 
999 |c 1818621  |d 1820551